000 00894nam a2200181 a 4500
008 120416s1994 ||||||||||||||||| || u
050 _aCTA(02)
100 _aPowell, A. P
245 1 0 _aInternational symposium on new information technologies in agriculture: papers presented november 10-12, 1993, Bonn, Germany.
_cedited by Antoinette Paris Powell
260 _aWageningen, Netherlands:
_bCTA
_c1994
300 _a232p. : ill.
350 _a0.00
500 _aSpecial issue: quarterly bulletin of the International association of agricultural information specialists.vol.xxxix, nos.1-2,1994
650 _aAGRICULTURE
650 _aINFORMATION TECHNOLOGY--AGRICULTURE
710 _aTechnical Centre for Agricultural and Rural Cooperation (CTA)
995 _D0.00
_FCBU-MAIN LIBRARY (Kitwe)
_H1
_I0.00
_UAVAILABLE
_ZInternational Publications
999 _c47485
_d47485